Índice alfabético de autores para facilitar el uso de las bibliotecas antigua y nueva de los escritores aragoneses dadas a luz por el Dr. D. Félix de Latassa / (Record no. 39168)

MARC details
000 -LEADER
campo de control de longitud fija 00842nam a2200205 i 4500
001 - NÚMERO DE CONTROL
campo de control 39168
003 - IDENTIFICADOR DE NÚMERO DE CONTROL
campo de control ES-MaACL
005 - FECHA Y HORA DE LA ÚLTIMA TRANSACCIÓN
campo de control 20230906155913.0
007 - CAMPO FIJO DE DESCRIPCIÓN FÍSICA--INFORMACIÓN GENERAL
campo de control de longitud fija t|
008 - DATOS DE LONGITUD FIJA--INFORMACIÓN GENERAL
campo de control de longitud fija 030227s1877 sp i ||||1| spa d
080 ## - NÚMERO DE LA CLASIFICACIÓN DECIMAL UNIVERSAL
Número de la Clasificación Decimal Universal 014.5 Bibliotecas antigua y nueva de escritores aragoneses
100 1# - ENTRADA PRINCIPAL--NOMBRE DE PERSONA
Nombre de persona Campillo, Toribio del.
9 (RLIN) 34170
245 10 - MENCIÓN DEL TÍTULO
Título Índice alfabético de autores para facilitar el uso de las bibliotecas antigua y nueva de los escritores aragoneses dadas a luz por el Dr. D. Félix de Latassa /
Mención de responsabilidad, etc. compuesto por Toribio del Campillo.
260 ## - PUBLICACIÓN, DISTRIBUCIÓN, ETC.
Lugar de publicación, distribución, etc. Madrid :
Nombre del editor, distribuidor, etc. T. Fortanet,
Fecha de publicación, distribución, etc. 1877.
300 ## - DESCRIPCIÓN FÍSICA
Extensión 263 p. ;
Dimensiones 21 cm.
530 ## - NOTA DISPONIBLE DE FORMULARIO FÍSICO ADICIONAL
Nota de formato físico adicional disponible Disponible en formato digital.
700 1# - ENTRADA AGREGADA--NOMBRE PERSONAL
Nombre de persona Latassa y Ortin, Félix de.
9 (RLIN) 70515
852 ## - LOCALIZACIÓN
Ubicación ES-MaACL
Número de control de estantería C-2223
856 ## - LOCALIZACIÓN Y ACCESO ELECTRÓNICOS
Identificador Uniforme de Recursos <a href="http://bdh-rd.bne.es/viewer.vm?id=0000097590&page=1 ">http://bdh-rd.bne.es/viewer.vm?id=0000097590&page=1 </a>
Nota pública Biblioteca Digital Hispánica
Holdings
Estatus retirado Estado de pérdida Estado de daño No para préstamo Colección Biblioteca de origen Biblioteca actual Ubicación en estantería Fecha de adquisición Fuente de adquisición Total de préstamos Signatura topográfica completa Código de barras Visto por última vez Precio de reemplazo Tipo de ítem Koha
        Colección digital Biblioteca del Ateneo de Madrid Biblioteca del Ateneo de Madrid Sala Palomar 17/01/2008     C-2223 1041246 23/02/2023 23/02/2023 Libro impreso antiguo